5 Letter Words #2 - Statistics

General Stats
  • This quiz has been taken 87 times
    62 since last reset
  • The average score is 7 of 12
Answer Stats
Hint Answer % Correct
Owner of Microsoft Gates
92%
Greek "a" alpha
88%
Fashion capital Milan
85%
Mount Everest is there Nepal
85%
Last letter of the Greek alphabet omega
79%
Produced Photoshop Adobe
42%
SI-Unit for energy Joule
40%
Small, slow, ambisexual snail
35%
Well-known French swearword merde
29%
Capital of Nauru Yaren
27%
Kiwi slang zero zilch
25%
Japan in Japanese Nihon
23%
No matching quizzes found
Score Distribution
Percent of People with Each Score
Percentile by Number Answered
Your Score History
You have not taken this quiz since the last reset